[Event "35. Abierto Ciudad de Sevilla 2010"]
[Site "Sevilla ESP"]
[Date "2010.01.08"]
[Round "1.1"]
[White "Hamdouchi, Hicham"]
[Black "Martin Rodriguez, Jose Maria"]
[Result "1-0"]
[WhiteElo "2601"]
[BlackElo "1922"]
[PlyCount "39"]
[EventDate "2010.01.08"]
[EventType "swiss"]
[EventRounds "9"]
[EventCountry "ESP"]
[Source "lmi"]
[SourceDate "2010.01.08"]

1. e4 e5 2. Nf3 Nc6 3. d4 exd4 4. Nxd4 d6 5. Nc3 Nf6 6. Bf4 Bd7 7. Qd2 Be7 8.
O-O-O O-O 9. Rg1 Nxd4 10. Qxd4 Bc6 11. g4 Nd7 12. g5 Re8 13. h4 Bf8 14. h5 Ne5
15. Rg3 a6 16. Bd2 Nd7 17. Bc4 Qe7 18. g6 hxg6 19. hxg6 Ne5 20. gxf7+ 1-0

[Event "35. Abierto Ciudad de Sevilla 2010"]
[Site "Sevilla ESP"]
[Date "2010.01.08"]
[Round "1.4"]
[White "Reina Aguilar, Marcelo"]
[Black "Burmakin, Vladimir"]
[Result "0-1"]
[WhiteElo "1919"]
[BlackElo "2590"]
[PlyCount "93"]
[EventDate "2010.01.08"]
[EventType "swiss"]
[EventRounds "9"]
[EventCountry "ESP"]
[Source "lmi"]
[SourceDate "2010.01.08"]

1. d4 d5 2. c4 e6 3. Nc3 Nf6 4. cxd5 exd5 5. Bg5 c6 6. e3 Be7 7. Qc2 h6 8. Bh4
Nbd7 9. Bd3 O-O 10. Nge2 Re8 11. O-O Nh5 12. Bxe7 Qxe7 13. a3 a5 14. Rab1 Nhf6
15. b4 axb4 16. axb4 b5 17. Ng3 Nb6 18. e4 dxe4 19. Ncxe4 Nc4 20. Bxc4 Nxe4 21.
Bxf7+ Qxf7 22. Nxe4 Bf5 23. f3 Qd5 24. Rfe1 Qxd4+ 25. Kh1 Re6 26. Red1 Bxe4 27.
fxe4 Qxe4 28. Qxe4 Rxe4 29. Rdc1 Ra2 30. Rxc6 Ree2 31. Rg6 Rab2 32. Rc1 Rxb4
33. h3 Kh7 34. Rg3 Re7 35. Rcc3 Rb7 36. Kg1 Rb1+ 37. Kf2 Rb2+ 38. Ke1 b4 39.
Rb3 Rxb3 40. Rxb3 Kg6 41. Ke2 Kf5 42. Ke3 Ke5 43. g3 Kd5 44. Kd3 Kc5 45. Kd2
Kc4 46. Kc2 Rf7 47. Re3 0-1

[Event "35. Abierto Ciudad de Sevilla 2010"]
[Site "Sevilla ESP"]
[Date "2010.01.08"]
[Round "1.5"]
[White "Spraggett, Kevin"]
[Black "Suriol Peinado, Alberto"]
[Result "1-0"]
[WhiteElo "2586"]
[BlackElo "1914"]
[PlyCount "53"]
[EventDate "2010.01.08"]
[EventType "swiss"]
[EventRounds "9"]
[EventCountry "ESP"]
[Source "lmi"]
[SourceDate "2010.01.08"]

1. e4 e6 2. d4 d5 3. Nc3 dxe4 4. Nxe4 Bd7 5. Nf3 Bc6 6. Bd3 Nd7 7. O-O Ngf6 8.
Ned2 Be7 9. Nc4 Bxf3 10. Qxf3 Nd5 11. Na5 c6 12. Nxb7 Qc7 13. Nc5 Nxc5 14. dxc5
Bxc5 15. c4 Nf6 16. Bh6 Bf8 17. Rad1 O-O-O 18. Bg5 Be7 19. b4 h5 20. g3 h4 21.
b5 hxg3 22. hxg3 Bc5 23. Kg2 Rde8 24. bxc6 Nh7 25. Bf4 e5 26. Bf5+ Kb8 27. Rd7
1-0

[Event "35. Abierto Ciudad de Sevilla 2010"]
[Site "Sevilla ESP"]
[Date "2010.01.08"]
[Round "1.8"]
[White "Yañez Acin, Gonzalo"]
[Black "Hickl, Joerg"]
[Result "0-1"]
[WhiteElo "1910"]
[BlackElo "2572"]
[PlyCount "51"]
[EventDate "2010.01.08"]
[EventType "swiss"]
[EventRounds "9"]
[EventCountry "ESP"]
[Source "lmi"]
[SourceDate "2010.01.08"]

1. e4 d6 2. d4 g6 3. c3 Nf6 4. Bd3 e5 5. Ne2 Bg7 6. O-O O-O 7. Bg5 h6 8. Bh4
Nc6 9. d5 Ne7 10. f3 c6 11. Bxf6 Bxf6 12. dxc6 bxc6 13. Kh1 Rb8 14. Qc2 Bg7 15.
Nd2 f5 16. Ng3 d5 17. Nb3 Qb6 18. Rab1 Be6 19. Nd2 Kh8 20. b4 Rbd8 21. a3 dxe4
22. fxe4 f4 23. Ne2 g5 24. c4 Qa6 25. Ra1 g4 26. c5 0-1

[Event "35. Abierto Ciudad de Sevilla 2010"]
[Site "Sevilla ESP"]
[Date "2010.01.08"]
[Round "1.9"]
[White "Vazquez Igarza, Renier"]
[Black "De Bordons Alba, Cesar"]
[Result "1-0"]
[WhiteElo "2560"]
[BlackElo "1908"]
[PlyCount "67"]
[EventDate "2010.01.08"]
[EventType "swiss"]
[EventRounds "9"]
[EventCountry "ESP"]
[Source "lmi"]
[SourceDate "2010.01.08"]

1. d4 Nf6 2. c4 e6 3. Nc3 Bb4 4. e3 Bxc3+ 5. bxc3 c5 6. Bd3 d6 7. Ne2 e5 8. Ng3
O-O 9. d5 Re8 10. e4 h6 11. f3 Nbd7 12. Be3 Nf8 13. Qd2 Ng6 14. Ne2 Qe7 15. h4
Nh7 16. g3 Bd7 17. a4 Rad8 18. Bf2 Rf8 19. g4 f6 20. Be3 Rde8 21. Ng3 Nxh4 22.
Rxh4 f5 23. Rxh6 gxh6 24. exf5 Ng5 25. Bxg5 Qxg5 26. Qxg5+ hxg5 27. Ne4 Rc8 28.
Kf2 Rcd8 29. Rh1 Rf7 30. Nxg5 Rg7 31. Ne6 Bxe6 32. dxe6 Rf8 33. Be4 Rf6 34. Rh5
1-0

[Event "35. Abierto Ciudad de Sevilla 2010"]
[Site "Sevilla ESP"]
[Date "2010.01.08"]
[Round "1.10"]
[White "Suarez Fernandez, Enrique Olive"]
[Black "Matamoros Franco, Carlos"]
[Result "0-1"]
[WhiteElo "1906"]
[BlackElo "2545"]
[PlyCount "116"]
[EventDate "2010.01.08"]
[EventType "swiss"]
[EventRounds "9"]
[EventCountry "ESP"]
[Source "lmi"]
[SourceDate "2010.01.08"]

1. e3 g6 2. Nf3 Bg7 3. d4 Nf6 4. b3 c5 5. Bb2 cxd4 6. Bxd4 O-O 7. Be2 Nc6 8.
Bb2 b5 9. O-O Rb8 10. Na3 b4 11. Nc4 d6 12. Nd4 Bd7 13. Bf3 Qc7 14. c3 Ne5 15.
cxb4 Nxc4 16. bxc4 Rxb4 17. Rb1 Rfb8 18. Nb3 Rxc4 19. Rc1 Rc8 20. Qd2 Rc2 21.
Rxc2 Qxc2 22. Rc1 Qxd2 23. Rxc8+ Bxc8 24. Nxd2 Be6 25. Bd4 a5 26. Bc3 a4 27.
Bc6 a3 28. Nb1 Bxa2 29. Nxa3 Nd5 30. Bxd5 Bxd5 31. Nb5 Bf8 32. f4 f6 33. Kf2
Kf7 34. Bd4 Bc6 35. Nc3 e5 36. fxe5 dxe5 37. Bb6 Bb4 38. Na2 Be7 39. Nc3 h5 40.
g3 Ke6 41. h3 Kf5 42. e4+ Ke6 43. Ke3 Bb4 44. Nd1 Bb5 45. g4 h4 46. Kf3 Bf1 47.
g5 f5 48. exf5+ gxf5 49. g6 Bxh3 50. Nf2 Bf1 51. g7 Kf7 52. Bd8 h3 53. Bf6 Bd6
54. Kg3 e4+ 55. Kh4 h2 56. Kg5 e3 57. Nh1 Bg2 58. Kh6 Kg8 0-1

[Event "35. Abierto Ciudad de Sevilla 2010"]
[Site "Sevilla ESP"]
[Date "2010.01.08"]
[Round "1.11"]
[White "Lemos, Damian"]
[Black "Morales Cano, Carlos"]
[Result "1-0"]
[WhiteElo "2544"]
[BlackElo "1901"]
[PlyCount "53"]
[EventDate "2010.01.08"]
[EventType "swiss"]
[EventRounds "9"]
[EventCountry "ESP"]
[Source "lmi"]
[SourceDate "2010.01.08"]

1. d4 e6 2. c4 f5 3. g3 Nf6 4. Bg2 c6 5. Nf3 d5 6. O-O Bd6 7. Qc2 O-O 8. Nc3
Ne4 9. Rb1 a5 10. a3 Na6 11. c5 Bc7 12. Na4 Bd7 13. Ne5 Bxe5 14. dxe5 Qe7 15.
Be3 Ng5 16. Nb6 Rad8 17. Rbc1 h6 18. Qd2 Be8 19. Bd4 Qf7 20. e3 Qh5 21. f3 Nh7
22. Qxa5 g5 23. Nc4 Rd7 24. Nd6 f4 25. Qd2 Kh8 26. Rc3 Rg8 27. Rb3 1-0

[Event "35. Abierto Ciudad de Sevilla 2010"]
[Site "Sevilla ESP"]
[Date "2010.01.08"]
[Round "1.12"]
[White "Santos Olivera, Francisco"]
[Black "Bhat Vinay, S."]
[Result "0-1"]
[WhiteElo "1895"]
[BlackElo "2540"]
[PlyCount "55"]
[EventDate "2010.01.08"]
[EventType "swiss"]
[EventRounds "9"]
[EventCountry "ESP"]
[Source "lmi"]
[SourceDate "2010.01.08"]

1. d4 d5 2. c4 c6 3. Nf3 Nf6 4. cxd5 cxd5 5. Nc3 Nc6 6. Bf4 Nh5 7. e3 Nxf4 8.
exf4 Bg4 9. Be2 e6 10. Ne5 Bxe2 11. Nxc6 Bxd1 12. Nxd8 Bh5 13. Nxb7 Rb8 14. Nc5
Rxb2 15. Rb1 Rxb1+ 16. Nxb1 Bxc5 17. dxc5 Kd7 18. O-O Rb8 19. Rc1 Rb2 20. Nc3
Kc6 21. f3 Bg6 22. Rd1 Rc2 23. Ne4 dxe4 24. fxe4 Bxe4 25. Rd6+ Kc7 26. Ra6
Rxg2+ 27. Kf1 Bd3+ 28. Kxg2 0-1

[Event "35. Abierto Ciudad de Sevilla 2010"]
[Site "Sevilla ESP"]
[Date "2010.01.08"]
[Round "1.14"]
[White "Fernandez Jimenez, Jorge"]
[Black "Rizouk, Aimen"]
[Result "0-1"]
[WhiteElo "1888"]
[BlackElo "2532"]
[PlyCount "44"]
[EventDate "2010.01.08"]
[EventType "swiss"]
[EventRounds "9"]
[EventCountry "ESP"]
[Source "lmi"]
[SourceDate "2010.01.08"]

1. e4 e5 2. Nf3 Nc6 3. d4 exd4 4. Nxd4 Nf6 5. Nxc6 bxc6 6. e5 Qe7 7. Qe2 Nd5 8.
c4 Nb6 9. b3 a5 10. g3 a4 11. Bb2 axb3 12. axb3 Qb4+ 13. Nd2 Rxa1+ 14. Bxa1 Qa5
15. Bd4 Bb4 16. Bg2 O-O 17. f4 d5 18. exd6 cxd6 19. Bxc6 Bf5 20. Qe3 Nd7 21.
Ke2 Bg4+ 22. Nf3 Qa2+ 0-1

[Event "35. Abierto Ciudad de Sevilla 2010"]
[Site "Sevilla ESP"]
[Date "2010.01.08"]
[Round "1.15"]
[White "Rivas Pastor, Manuel"]
[Black "Ballesteros Borondo, Victor"]
[Result "1-0"]
[WhiteElo "2531"]
[BlackElo "1887"]
[PlyCount "47"]
[EventDate "2010.01.08"]
[EventType "swiss"]
[EventRounds "9"]
[EventCountry "ESP"]
[Source "lmi"]
[SourceDate "2010.01.08"]

1. g3 Nf6 2. Bg2 d5 3. d3 g6 4. Nd2 Bg7 5. e4 dxe4 6. dxe4 e5 7. Ngf3 Nc6 8.
O-O O-O 9. b3 Be6 10. Bb2 Nd7 11. Qe2 Nd4 12. Nxd4 exd4 13. Nc4 b5 14. Na5 d3
15. cxd3 c5 16. b4 cxb4 17. Nc6 Qg5 18. Bxg7 Kxg7 19. Qb2+ f6 20. Qxb4 Qc5 21.
Qxc5 Nxc5 22. d4 Bc4 23. dxc5 Bxf1 24. Kxf1 1-0

[Event "35. Abierto Ciudad de Sevilla 2010"]
[Site "Sevilla ESP"]
[Date "2010.01.08"]
[Round "1.16"]
[White "Herrera Ramirez, Daniel"]
[Black "Lalic, Bogdan"]
[Result "0-1"]
[WhiteElo "1882"]
[BlackElo "2494"]
[PlyCount "84"]
[EventDate "2010.01.08"]
[EventType "swiss"]
[EventRounds "9"]
[EventCountry "ESP"]
[Source "lmi"]
[SourceDate "2010.01.08"]

1. e4 c5 2. Nf3 e6 3. d4 cxd4 4. Nxd4 Nc6 5. Be2 a6 6. O-O Nge7 7. c4 Nxd4 8.
Qxd4 Nc6 9. Qc3 b6 10. Bf4 Qf6 11. Bg3 Bc5 12. Qxf6 gxf6 13. Nd2 Nd4 14. Bd3 h5
15. h4 Rg8 16. Kh2 Bb7 17. a3 a5 18. b3 Ke7 19. Rfb1 Rg4 20. f3 Rg7 21. Nf1
Rag8 22. Ra2 Rxg3 23. Nxg3 Bd6 24. b4 axb4 25. axb4 Bxg3+ 26. Kh1 Bxh4 27. b5
Bg3 28. Ra7 Rb8 29. Kg1 Kd6 30. Kf1 h4 31. Rd1 Kc5 32. Be2 d6 33. Bd3 f5 34.
Kg1 f4 35. Kf1 h3 36. gxh3 Nxf3 37. Ke2 Ne5 38. Rh1 f5 39. Rxb7 Rxb7 40. exf5
exf5 41. Bxf5 Re7 42. h4 Bxh4 0-1

[Event "35. Abierto Ciudad de Sevilla 2010"]
[Site "Sevilla ESP"]
[Date "2010.01.08"]
[Round "1.18"]
[White "Lopez Delgado, Manuel"]
[Black "Pogorelov, Ruslan"]
[Result "0-1"]
[WhiteElo "1877"]
[BlackElo "2474"]
[PlyCount "94"]
[EventDate "2010.01.08"]
[EventType "swiss"]
[EventRounds "9"]
[EventCountry "ESP"]
[Source "lmi"]
[SourceDate "2010.01.08"]

1. d4 Nf6 2. c4 e6 3. a3 c5 4. d5 exd5 5. cxd5 d6 6. Nc3 g6 7. e4 Bg7 8. Bg5 h6
9. Bh4 O-O 10. Nf3 g5 11. Bg3 Nxe4 12. Nxe4 Re8 13. Bd3 f5 14. Nfd2 fxe4 15.
Bb5 e3 16. O-O exd2 17. Bxe8 Qxe8 18. Qxd2 Qg6 19. Rfe1 Bf5 20. Re7 Nd7 21.
Rae1 Bf6 22. R7e2 Ne5 23. Bxe5 Bxe5 24. f3 Bd3 25. Rxe5 dxe5 26. Rxe5 c4 27.
Re6 Qg7 28. d6 Rd8 29. Qe3 Bf5 30. Re7 Qf6 31. Re8+ Rxe8 32. Qxe8+ Kg7 33. d7
Qd4+ 34. Kf1 Qxd7 35. Qe5+ Kh7 36. g4 Bd3+ 37. Kf2 Qg7 38. Qb5 Qd4+ 39. Kg2 b6
40. Qb4 Qe5 41. a4 c3 42. Qxc3 Qxc3 43. bxc3 Bc2 44. Kg3 Bxa4 45. f4 Bd1 46.
fxg5 a5 47. gxh6 a4 0-1

[Event "35. Abierto Ciudad de Sevilla 2010"]
[Site "Sevilla ESP"]
[Date "2010.01.08"]
[Round "1.20"]
[White "Fernandez Calzada, Juan"]
[Black "Starostits, Ilmars"]
[Result "0-1"]
[WhiteElo "1869"]
[BlackElo "2471"]
[PlyCount "70"]
[EventDate "2010.01.08"]
[EventType "swiss"]
[EventRounds "9"]
[EventCountry "ESP"]
[Source "lmi"]
[SourceDate "2010.01.08"]

1. e4 c6 2. d4 d5 3. exd5 cxd5 4. Bd3 Nc6 5. c3 Nf6 6. Nf3 Bg4 7. h3 Bxf3 8.
Qxf3 g6 9. O-O Bg7 10. Re1 O-O 11. Bf4 Qb6 12. Re2 Rfe8 13. g4 Rad8 14. Na3 e5
15. dxe5 Nd7 16. e6 fxe6 17. Rae1 Nc5 18. Bb5 Rf8 19. Bxc6 Qxc6 20. Qe3 d4 21.
cxd4 Bxd4 22. Qg3 Nd3 23. Be3 Nxe1 24. Rxe1 e5 25. b3 Qc3 26. Rc1 Qxc1+ 27.
Bxc1 Bxf2+ 28. Qxf2 Rd1+ 29. Kg2 Rxf2+ 30. Kxf2 Rxc1 31. Nc4 Rc2+ 32. Kf3 Rxa2
33. h4 Rc2 34. Nxe5 Rc3+ 35. Ke4 Rxb3 0-1

[Event "35. Abierto Ciudad de Sevilla 2010"]
[Site "Sevilla ESP"]
[Date "2010.01.08"]
[Round "1.23"]
[White "Komljenovic, Davorin"]
[Black "Suarez Pozo, Juan Carlos"]
[Result "1-0"]
[WhiteElo "2431"]
[BlackElo "1855"]
[PlyCount "43"]
[EventDate "2010.01.08"]
[EventType "swiss"]
[EventRounds "9"]
[EventCountry "ESP"]
[Source "lmi"]
[SourceDate "2010.01.08"]

1. d4 Nf6 2. c4 e6 3. Nc3 Bb4 4. Qc2 b6 5. e4 Bb7 6. Bd3 Bxc3+ 7. bxc3 d6 8.
Ne2 h6 9. O-O Nbd7 10. f4 e5 11. a4 a5 12. Ng3 g6 13. Rb1 Qe7 14. fxe5 dxe5 15.
c5 Kf8 16. Bb5 Nb8 17. Ba3 Kg7 18. Qf2 Bxe4 19. cxb6 Qe6 20. Bc4 Bd5 21. Qxf6+
Qxf6 22. Bxd5 1-0

[Event "35. Abierto Ciudad de Sevilla 2010"]
[Site "Sevilla ESP"]
[Date "2010.01.09"]
[Round "2.1"]
[White "Steinhauser, Thomas"]
[Black "Hamdouchi, Hicham"]
[Result "0-1"]
[WhiteElo "2128"]
[BlackElo "2601"]
[PlyCount "50"]
[EventDate "2010.01.08"]
[EventType "swiss"]
[EventRounds "9"]
[EventCountry "ESP"]
[Source "lmi"]
[SourceDate "2010.01.08"]

1. e4 c5 2. d4 cxd4 3. c3 dxc3 4. Nxc3 Nc6 5. Nf3 a6 6. Bc4 e6 7. O-O Nge7 8.
Bg5 f6 9. Be3 b5 10. Bb3 Ng6 11. Nd4 Nxd4 12. Bxd4 Bd6 13. Qh5 O-O 14. Be3 Bb7
15. Rad1 Qe7 16. Nd5 Bxd5 17. exd5 e5 18. Rfe1 f5 19. Bg5 Qe8 20. Re3 h6 21.
Bxh6 gxh6 22. Qxh6 Rf6 23. Rg3 Qf7 24. h4 Qh7 25. Qg5 Kf7 0-1

[Event "35. Abierto Ciudad de Sevilla 2010"]
[Site "Sevilla ESP"]
[Date "2010.01.09"]
[Round "2.2"]
[White "Mirzoev, Azer"]
[Black "Barrios Muñoz, Antonio"]
[Result "1-0"]
[WhiteElo "2594"]
[BlackElo "2131"]
[PlyCount "105"]
[EventDate "2010.01.08"]
[EventType "swiss"]
[EventRounds "9"]
[EventCountry "ESP"]
[Source "lmi"]
[SourceDate "2010.01.08"]

1. d4 c5 2. d5 d6 3. Nc3 Nf6 4. e4 g6 5. Nf3 Bg7 6. Be2 O-O 7. O-O a6 8. a4
Nbd7 9. Bf4 h6 10. h3 b6 11. Re1 Qc7 12. Bf1 Ne5 13. Nd2 g5 14. Be3 Ng6 15. Nc4
Nd7 16. g3 Rd8 17. f4 f6 18. Kh2 Ndf8 19. f5 Ne5 20. Nxe5 dxe5 21. Qf3 Bd7 22.
Qf2 Rdc8 23. Nb1 Be8 24. Nd2 Nd7 25. c3 Qd6 26. g4 a5 27. Bb5 Nb8 28. Qe2 Bf7
29. Kg2 Qc7 30. Rab1 Be8 31. Bxe8 Rxe8 32. Qb5 Na6 33. Nc4 Reb8 34. Red1 Bf8
35. Kf3 Qd8 36. Qb3 Kg7 37. h4 Nc7 38. hxg5 hxg5 39. Na3 Ne8 40. Rd2 Nd6 41.
Rh1 Qc7 42. Rdh2 Kf7 43. Rh7+ Bg7 44. R1h6 Rg8 45. Nb5 Qd7 46. Nxd6+ exd6 47.
Qxb6 Rab8 48. Qc6 Qxc6 49. dxc6 Kf8 50. Bxg5 Bxh6 51. Bxh6+ Ke8 52. g5 fxg5 53.
f6 1-0

[Event "35. Abierto Ciudad de Sevilla 2010"]
[Site "Sevilla ESP"]
[Date "2010.01.09"]
[Round "2.3"]
[White "Burmakin, Vladimir"]
[Black "Ponce Lopez, Miguel"]
[Result "1-0"]
[WhiteElo "2590"]
[BlackElo "2121"]
[PlyCount "58"]
[EventDate "2010.01.08"]
[EventType "swiss"]
[EventRounds "9"]
[EventCountry "ESP"]
[Source "lmi"]
[SourceDate "2010.01.08"]

1. Nf3 Nf6 2. g3 g6 3. b3 Bg7 4. Bb2 O-O 5. Bg2 d6 6. d4 c5 7. O-O a6 8. dxc5
dxc5 9. Qxd8 Rxd8 10. Ne5 Ng4 11. Nc4 Bxb2 12. Nxb2 Nc6 13. Bxc6 bxc6 14. Nd3
Bf5 15. Na3 Nf6 16. f3 Bxd3 17. cxd3 Rd5 18. Rac1 a5 19. Rc4 Nd7 20. Rfc1 e5
21. Nb1 Rd4 22. Kf2 a4 23. Rxa4 Rdxa4 24. bxa4 Rxa4 25. Rc2 f5 26. Nd2 Ra5 27.
Nc4 Ra4 28. Rb2 Kf7 29. Rb7 Ke6 1-0

[Event "35. Abierto Ciudad de Sevilla 2010"]
[Site "Sevilla ESP"]
[Date "2010.01.09"]
[Round "2.4"]
[White "Coimbra, Margarida"]
[Black "Spraggett, Kevin"]
[Result "0-1"]
[WhiteElo "2109"]
[BlackElo "2586"]
[PlyCount "66"]
[EventDate "2010.01.08"]
[EventType "swiss"]
[EventRounds "9"]
[EventCountry "ESP"]
[Source "lmi"]
[SourceDate "2010.01.08"]

1. e4 c5 2. c3 b6 3. d4 Bb7 4. Nd2 g6 5. Bd3 Bg7 6. Ne2 cxd4 7. cxd4 Nf6 8. Nc3
O-O 9. O-O d6 10. Nf3 Nc6 11. h3 e6 12. Be3 h6 13. Qd2 Kh7 14. Rac1 Ne7 15. Qe2
a6 16. Rfd1 b5 17. a3 Rc8 18. Bb1 Ba8 19. e5 Nfd5 20. exd6 Nxc3 21. Rxc3 Qxd6
22. Rc5 Nd5 23. Rdc1 Rcd8 24. Bd2 Nb6 25. Bb4 Qf4 26. Rc7 Nc4 27. R7xc4 bxc4
28. Rxc4 Rfe8 29. d5 Qb8 30. dxe6 Rxe6 31. Qc2 Rde8 32. Bc3 Be4 33. Qc1 Bxf3
0-1

[Event "35. Abierto Ciudad de Sevilla 2010"]
[Site "Sevilla ESP"]
[Date "2010.01.09"]
[Round "2.6"]
[White "Peña Dieguez, Manuel"]
[Black "Korneev, Oleg"]
[Result "1/2-1/2"]
[WhiteElo "2095"]
[BlackElo "2573"]
[PlyCount "59"]
[EventDate "2010.01.08"]
[EventType "swiss"]
[EventRounds "9"]
[EventCountry "ESP"]
[Source "lmi"]
[SourceDate "2010.01.08"]

1. e4 c5 2. Nf3 e6 3. d4 cxd4 4. Nxd4 a6 5. Bd3 Bc5 6. Nb3 Be7 7. c4 d6 8. Nc3
Nf6 9. O-O b6 10. f4 Nbd7 11. Qe2 Bb7 12. Be3 Qc7 13. Rae1 h5 14. Bc1 Nc5 15.
Nxc5 bxc5 16. e5 Ng4 17. h3 Nh6 18. f5 Nxf5 19. Bxf5 exf5 20. exd6 Qxd6 21.
Rxf5 Kf8 22. Re5 Re8 23. Bf4 Qd4+ 24. Kh1 Qd7 25. Nd5 Bxd5 26. cxd5 f6 27. Rxh5
Rxh5 28. Qxh5 Rd8 29. Qh8+ Kf7 30. Qh5+ 1/2-1/2

[Event "35. Abierto Ciudad de Sevilla 2010"]
[Site "Sevilla ESP"]
[Date "2010.01.09"]
[Round "2.7"]
[White "Hickl, Joerg"]
[Black "Montero Campuzano, Rafael"]
[Result "1-0"]
[WhiteElo "2572"]
[BlackElo "2089"]
[PlyCount "34"]
[EventDate "2010.01.08"]
[EventType "swiss"]
[EventRounds "9"]
[EventCountry "ESP"]
[Source "lmi"]
[SourceDate "2010.01.08"]

1. g3 c5 2. Bg2 Nc6 3. Nf3 g6 4. c3 Bg7 5. O-O e5 6. d3 Nge7 7. a3 b6 8. b4 a6
9. Nbd2 d5 10. Rb1 cxb4 11. axb4 O-O 12. Bb2 Ra7 13. c4 Nd4 14. cxd5 Nxd5 15.
Nc4 Bg4 16. Re1 Bxf3 17. exf3 Nxb4 1-0

[Event "35. Abierto Ciudad de Sevilla 2010"]
[Site "Sevilla ESP"]
[Date "2010.01.09"]
[Round "2.8"]
[White "Gutierrez Valero, Mario"]
[Black "Vazquez Igarza, Renier"]
[Result "0-1"]
[WhiteElo "2079"]
[BlackElo "2560"]
[PlyCount "60"]
[EventDate "2010.01.08"]
[EventType "swiss"]
[EventRounds "9"]
[EventCountry "ESP"]
[Source "lmi"]
[SourceDate "2010.01.08"]

1. d4 Nf6 2. c4 g6 3. Nc3 Bg7 4. e4 d6 5. h3 Nbd7 6. Bg5 e5 7. d5 a5 8. Bd3 Nc5
9. Bc2 Bd7 10. Nge2 c6 11. a3 cxd5 12. exd5 a4 13. O-O Qb6 14. Be3 Qa6 15. Bxc5
dxc5 16. Bd3 O-O 17. Ng3 Qb6 18. Rb1 Ne8 19. b4 f5 20. Bc2 e4 21. Bxa4 Bc8 22.
Bxe8 Bxc3 23. Ne2 Be5 24. Ba4 f4 25. Kh1 f3 26. Ng3 e3 27. bxc5 Qd8 28. fxe3
Qh4 29. Rxf3 Bxh3 30. Nf1 Rxf3 0-1

[Event "35. Abierto Ciudad de Sevilla 2010"]
[Site "Sevilla ESP"]
[Date "2010.01.09"]
[Round "2.9"]
[White "Matamoros Franco, Carlos"]
[Black "Justiniano Marquez, Marco Antonio"]
[Result "1-0"]
[WhiteElo "2545"]
[BlackElo "2077"]
[PlyCount "123"]
[EventDate "2010.01.08"]
[EventType "swiss"]
[EventRounds "9"]
[EventCountry "ESP"]
[Source "lmi"]
[SourceDate "2010.01.08"]

1. Nf3 Nf6 2. c4 c6 3. d4 d5 4. Qc2 g6 5. Bf4 Bg7 6. e3 Bf5 7. Bd3 Bxd3 8. Qxd3
Qa5+ 9. Nc3 dxc4 10. Qxc4 Nd5 11. Bg3 Nb6 12. Qe2 Qa6 13. Rc1 Qxe2+ 14. Kxe2
N8d7 15. Rc2 O-O 16. Ne4 Nd5 17. a3 h6 18. Nc5 Nxc5 19. Rxc5 Nf6 20. Rc2 Ne4
21. Be5 e6 22. Bxg7 Kxg7 23. Ne5 Rfd8 24. Nd3 Nd6 25. Nc5 Rab8 26. b4 Ne8 27.
Rd1 Nc7 28. a4 a6 29. e4 Kf6 30. Rdd2 Ke7 31. Ke3 f6 32. f3 h5 33. g3 Kf7 34.
h3 f5 35. g4 hxg4 36. hxg4 g5 37. Rh2 f4+ 38. Kd3 Kg6 39. Kc3 b6 40. Nd3 Rh8
41. Ne5+ Kg7 42. Rxh8 Rxh8 43. Kb3 c5 44. bxc5 b5 45. axb5 Nxb5 46. Rd2 Rb8 47.
Ka4 Nc7 48. Rd3 Rb1 49. Rb3 Ra1+ 50. Kb4 Nb5 51. Rd3 Kf6 52. c6 Ke7 53. Kc5 Nc7
54. Kb6 Ne8 55. Rc3 Kd8 56. Nf7+ Kc8 57. d5 exd5 58. exd5 Nc7 59. d6 Nd5+ 60.
Kc5 Ra5+ 61. Kd4 Nxc3 62. d7+ 1-0

[Event "35. Abierto Ciudad de Sevilla 2010"]
[Site "Sevilla ESP"]
[Date "2010.01.09"]
[Round "2.10"]
[White "Perera Casiñas, Antonio"]
[Black "Lemos, Damian"]
[Result "0-1"]
[WhiteElo "2076"]
[BlackElo "2544"]
[PlyCount "118"]
[EventDate "2010.01.08"]
[EventType "swiss"]
[EventRounds "9"]
[EventCountry "ESP"]
[Source "lmi"]
[SourceDate "2010.01.08"]

1. d4 Nf6 2. Nf3 g6 3. Bg5 Bg7 4. c3 O-O 5. Nbd2 d6 6. e4 c5 7. dxc5 dxc5 8.
Bc4 Nc6 9. Qe2 Qc7 10. O-O h6 11. Bxf6 exf6 12. Nh4 g5 13. Nf5 Bxf5 14. exf5
Rae8 15. Qh5 Qf4 16. Rad1 Ne5 17. Bd5 Rd8 18. c4 Qxf5 19. Bxb7 Rd4 20. Bd5 Qc2
21. Nb3 Rh4 22. Rd2 Qxd2 23. Qxh4 Qxd5 24. cxd5 gxh4 25. Nxc5 Rb8 26. f4 Nc4
27. Rd1 Nxb2 28. Rb1 f5 29. Nd3 Rb6 30. Ne5 Bxe5 31. fxe5 Nd3 32. Rf1 Nxe5 33.
Rxf5 f6 34. Rf1 Rd6 35. Rf4 Rxd5 36. Kf1 h3 37. gxh3 Kg7 38. Ra4 a5 39. Ke2 f5
40. Ke3 Kf6 41. Rh4 Kg5 42. Ra4 Rd3+ 43. Kf2 Rd2+ 44. Kf1 Nc6 45. h4+ Kf6 46.
Rc4 Ne5 47. Ra4 Rxh2 48. Rxa5 Rxh4 49. Ra8 Rh2 50. a4 Ra2 51. a5 Kg5 52. a6 Kf4
53. a7 h5 54. Rh8 Rxa7 55. Rxh5 Ra1+ 56. Ke2 Ke4 57. Rh3 Nf3 58. Rh8 f4 59.
Re8+ Ne5 0-1

[Event "35. Abierto Ciudad de Sevilla 2010"]
[Site "Sevilla ESP"]
[Date "2010.01.09"]
[Round "2.12"]
[White "Barrera Martinez, Francisco"]
[Black "Franco Ocampos, Zenon"]
[Result "0-1"]
[WhiteElo "2073"]
[BlackElo "2535"]
[PlyCount "71"]
[EventDate "2010.01.08"]
[EventType "swiss"]
[EventRounds "9"]
[EventCountry "ESP"]
[Source "lmi"]
[SourceDate "2010.01.08"]

1. d4 Nf6 2. c4 c5 3. e3 e6 4. Nf3 cxd4 5. exd4 d5 6. Nc3 Be7 7. Bd3 O-O 8. O-O
Nc6 9. Re1 Nb4 10. Bf1 dxc4 11. Bxc4 b6 12. Ne5 Bb7 13. Be3 Rc8 14. Bb3 a6 15.
Qe2 Nbd5 16. Nxd5 Nxd5 17. Rac1 Qd6 18. Bc2 Nb4 19. Bb1 Qd5 20. f3 Qd6 21. Bf2
g6 22. a3 Nd5 23. Be4 Bg5 24. Rxc8 Rxc8 25. Kh1 Qd8 26. Nd3 Bf6 27. Rc1 Bg5 28.
Rxc8 Qxc8 29. Be1 Qc4 30. Bxd5 Bxd5 31. Bc3 Qb5 32. Qd1 Bb3 33. Qe2 Bc4 34. Qe5
Bxd3 35. Qb8+ Kg7 36. Bb4 0-1

[Event "35. Abierto Ciudad de Sevilla 2010"]
[Site "Sevilla ESP"]
[Date "2010.01.09"]
[Round "2.16"]
[White "Campora Sivori, Daniel"]
[Black "Ortega Valle, Jose Ramon"]
[Result "1-0"]
[WhiteElo "2483"]
[BlackElo "2054"]
[PlyCount "79"]
[EventDate "2010.01.08"]
[EventType "swiss"]
[EventRounds "9"]
[EventCountry "ESP"]
[Source "lmi"]
[SourceDate "2010.01.08"]

1. e4 c5 2. Nf3 d6 3. c3 Nf6 4. Bd3 Nc6 5. O-O g6 6. Re1 Bg7 7. Bc2 O-O 8. h3
e5 9. d3 d5 10. Nbd2 d4 11. Nc4 Ne8 12. Ba4 Nd6 13. Bg5 f6 14. Bb3 Nxc4 15.
Bxc4+ Kh8 16. Bd2 a5 17. cxd4 cxd4 18. a3 Qe7 19. Qb3 a4 20. Qa2 Re8 21. Rac1
Be6 22. Rc2 Bxc4 23. Qxc4 Qe6 24. Qb5 Qb3 25. Qxb3 axb3 26. Rc5 Na7 27. Rec1 b6
28. Rc7 Nb5 29. R7c6 Ra6 30. Re6 Rd8 31. Rcc6 Rb8 32. Bb4 Kg8 33. Nd2 f5 34.
Nxb3 fxe4 35. dxe4 d3 36. Kf1 Rd8 37. Rxb6 Rxb6 38. Rxb6 Nd4 39. Nxd4 Rxd4 40.
Rd6 1-0